[Event "TCh-NED"]
[Site "Netherlands NED"]
[Date "2011.04.09"]
[Round "8.8"]
[White "Hovenga,A"]
[Black "Van Ketel,R"]
[Result "1/2-1/2"]
[WhiteElo "2176"]
[BlackElo "2266"]

1.d4 e6 2.c4 Nf6 3.Nc3 Bb4 4.Nf3 b6 5.Bg5 Bb7 6.Nd2 h6 7.Bh4 c5 8.a3 Bxc3
9.bxc3 Qe7 10.e3 d6 11.f3 Nbd7 12.Bd3 e5 13.d5 g5 14.Bf2 h5 15.Qc2 Rg8 16.O-O-O O-O-O
17.a4 a5 18.Rde1 Kc7 19.Kb2 Rb8 20.Bf5 Nf8 21.e4 Ba6 22.g3 Bc8 23.Bxc8 Rxc8
24.Nf1 Qd7 25.Ne3 Ng6 26.Nf5 Ne7 27.Ne3 Rcf8 28.Ka3 Ng6 29.Rb1 Rb8 30.Rhd1 Rge8
31.Rb5 Rb7 32.Rdb1 Reb8 33.Nf5 Ne7 34.Qd2 g4 35.Qg5 Neg8 36.Qe3 Ne7 37.Nh6 Neg8
38.Nf5 Ne7 39.Nh4 Ng6 40.f4 Nxh4 41.fxe5 Ng2 42.exd6+ Qxd6 43.e5 Nxe3 44.exd6+ Kd7
45.Bxe3 Ne4 46.R5b2 Nxd6 47.Kb3 Re8 48.Bf4 Re4 49.Bxd6 Kxd6 50.Rf1 b5 51.cxb5 c4+
52.Ka3 Kxd5 53.Rd2+ Ke6 54.Rdf2 Re3 55.Rf6+ Ke5 56.R6f5+ Ke4 57.R1f4+ Kd3
58.Rc5 Re2 59.Rfxc4 Kc2 60.Rc7 Re1 61.Ka2 Rb1 62.Rxb7 Rb2+ 63.Ka1 Rb1+  1/2-1/2

[Event "ch-CHN 2011"]
[Site "Xinghua Jiangsu CHN"]
[Date "2011.04.09"]
[Round "10"]
[White "Li Shilong"]
[Black "Hou Yifan"]
[Result "0-1"]
[WhiteElo "2520"]
[BlackElo "2602"]

1.d4 Nf6 2.c4 e6 3.Nc3 Bb4 4.Nf3 d5 5.g3 O-O 6.Bg2 dxc4 7.O-O Nc6 8.a3 Be7
9.e4 Na5 10.Bf4 Nb3 11.Rb1 c5 12.dxc5 Nxc5 13.Ne5 Bd7 14.Nxc4 Bc6 15.e5 Nd5
16.Nxd5 exd5 17.Nd6 Bxd6 18.exd6 Ne4 19.Qb3 Qf6 20.Rbd1 Rad8 21.Qb4 a6 22.Rd3 Nxd6
23.Bxd5 Bb5 24.Bxd6 Bxd3 25.Bxf8 Rxd5 26.Re1 h6 27.Be7 Qf3 28.Qf4 Qh5 29.Bb4 Kh7
30.Bc3 Bb5 31.g4 Rg5 32.f3 f5 33.Re5 Qh3 34.Re1 fxg4 35.Qe4+ Kh8 36.Kf2 gxf3
37.Ke3 f2+ 38.Kxf2 Rf5+  0-1

[Event "11th BCC Thailand Open"]
[Site "Pattaya THA"]
[Date "2011.04.15"]
[Round "7.2"]
[White "Yang Kaiqi"]
[Black "Vallejo Pons,F"]
[Result "0-1"]
[WhiteElo "2399"]
[BlackElo "2707"]

1.d4 Nf6 2.c4 e6 3.Nc3 Bb4 4.Nf3 b6 5.Bg5 Bb7 6.e3 h6 7.Bh4 Bxc3+ 8.bxc3 d6
9.Qa4+ Bc6 10.Qc2 Nbd7 11.Nd2 g5 12.Bg3 Qe7 13.e4 Nh5 14.Be2 Nf4 15.Bxf4 gxf4
16.Qd3 O-O-O 17.O-O-O h5 18.Kb2 h4 19.Bg4 Rdg8 20.f3 Rg5 21.Rhe1 Ra5 22.Ka1 Nf6
23.Bh3 Kb8 24.Rb1 Ka8 25.Rb4 Bb7 26.Reb1 c5 27.Rb5 Rxb5 28.cxb5 d5 29.e5 Nd7
30.Kb2 Rc8 31.a3 a6 32.bxa6 Bc6 33.Rc1 b5 34.dxc5 Nxe5 35.Qd4 Nc4+ 36.Nxc4 bxc4
37.Qxf4 Qxc5 38.Rb1 Rb8+ 39.Ka2 Qf2+ 40.Ka1 Rxb1+ 41.Kxb1 Ba4 42.Qc1 Bb3
43.Qb2 Qe1+ 44.Qc1 Qe2 45.Qb2 Qf1+ 46.Qc1  0-1

[Event "ch-USA GpB"]
[Site "Saint Louis USA"]
[Date "2011.04.15"]
[Round "1"]
[White "Finegold,B"]
[Black "Onischuk,Al"]
[Result "0-1"]
[WhiteElo "2500"]
[BlackElo "2678"]

1.d4 Nf6 2.c4 e6 3.Nc3 Bb4 4.Nf3 b6 5.Bg5 Bb7 6.e3 h6 7.Bh4 g5 8.Bg3 Ne4
9.Qc2 Bxc3+ 10.bxc3 Nxg3 11.hxg3 d6 12.Bd3 g4 13.Nd2 Bxg2 14.Rh4 h5 15.d5 Nd7
16.O-O-O exd5 17.Rg1 dxc4 18.Bf5 Bc6 19.Bxg4 Ne5 20.Bf5 b5 21.f4 Nd7 22.e4 Qe7
23.Re1 Nc5 24.e5 Nd3+ 25.Bxd3 cxd3 26.Qxd3 O-O-O 27.Qf5+ Kb8 28.Qf6 Qxf6
29.exf6 Rdg8 30.Re3 Rg6 31.Nb3 Rxf6 32.Na5 Bd7 33.Re7 Kc8 34.Kb2 Kd8 35.Re2 Bg4
36.Reh2 Re8 37.Nc6+ Kd7 38.Nb4 Rfe6 39.Rc2  0-1

[Event "ch-Lower Rhine 2011"]
[Site "Solingen GER"]
[Date "2011.04.16"]
[Round "1.5"]
[White "Vasiljevs,J"]
[Black "Biessner,Eberhard"]
[Result "1-0"]
[WhiteElo "2158"]
[BlackElo "1961"]

1.d4 Nf6 2.c4 e6 3.Nc3 Bb4 4.Nf3 Ne4 5.Qc2 f5 6.e3 b6 7.Bd2 Nxd2 8.Nxd2 Bb7
9.Be2 O-O 10.Bf3 Qc8 11.a3 Be7 12.O-O g5 13.e4 g4 14.Be2 Qe8 15.d5 Na6 16.Rae1 Qf7
17.exf5 exf5 18.b4 Bg5 19.Bd3 d6 20.f3 Bxd2 21.Qxd2 Qg7 22.Nb5 h5 23.Re6  1-0

[Event "CCF Easter IM Norm"]
[Site "Coulsdon ENG"]
[Date "2011.04.19"]
[Round "5"]
[White "Lalic,B"]
[Black "Briscoe,C"]
[Result "1-0"]
[WhiteElo "2474"]
[BlackElo "2226"]

1.d4 Nf6 2.c4 e6 3.Nc3 Bb4 4.Nf3 b6 5.Bg5 h6 6.Bh4 g5 7.Bg3 Ne4 8.Qc2 Bb7
9.e3 d6 10.Bd3 Bxc3+ 11.bxc3 f5 12.d5 Na6 13.Bxe4 fxe4 14.Qxe4 Qf6 15.O-O O-O
16.h4 exd5 17.cxd5 Rae8 18.Qd4 Qxd4 19.cxd4 Bxd5 20.hxg5 Bxf3 21.gxf3 hxg5
22.Kg2 Rf5 23.a3 d5 24.a4 c5 25.a5 Nb4 26.axb6 axb6 27.Rfb1 Re6 28.Ra3 Rc6
29.Rb2 Rf8 30.Be5 Kf7 31.Kf1 Ke6 32.Ke2 Kf5 33.Ra7 Re6 34.Rd7 Ra8 35.Bd6 Nc6
36.dxc5 Nd4+ 37.Kf1 Nxf3 38.cxb6 Ra1+ 39.Ke2 Nd4+ 40.Kd3 Nc6 41.b7  1-0

[Event "Schackstudion GM"]
[Site "Lund SWE"]
[Date "2011.04.19"]
[Round "6"]
[White "Brynell,S"]
[Black "Smith,Ax"]
[Result "1/2-1/2"]
[WhiteElo "2486"]
[BlackElo "2452"]

1.d4 Nf6 2.c4 e6 3.Nc3 Bb4 4.Nf3 d5 5.e3 O-O 6.Bd3 c5 7.O-O Nc6 8.a3 Bxc3
9.bxc3 dxc4 10.Bxc4 Qc7 11.Bb5 a6 12.Be2 Rd8 13.Qc2 e5 14.h3 Be6 15.dxe5 Nxe5
16.c4 Nxf3+ 17.Bxf3 Rab8 18.a4 b5 19.axb5 axb5 20.cxb5 Rxb5 21.Bb2 Rdb8 22.Bc3 c4
23.Rfd1 Rg5 24.Kh1 Qc8 25.h4 Rgb5 26.Ra5 Rxa5 27.Bxa5 Qc5 28.Bc3 Bg4 29.Bxf6 Bxf3
30.gxf3 gxf6 31.Qc3 Qf5 32.Rg1+ Kh8 33.Rg3 Rc8 34.f4 Qe6 35.Kg2 Rg8 36.Kf1 Rxg3
37.fxg3 Kg7 38.Kf2 Kg6 39.Qc2+ f5 40.g4 Qe4 41.h5+ Kh6 42.Qxe4 fxe4 43.Ke2 f5
44.gxf5 Kxh5 45.Kd2 Kh6 46.Kc3 Kg7 47.Kxc4 Kf6 48.Kc3 Kxf5 49.Kd2 Kg4 50.Ke2 Kh4
51.Kf2 Kg4 52.Kg2 Kh4 53.Kh2 Kg4 54.Kg2 Kh4  1/2-1/2

[Event "ch-USA GpB"]
[Site "Saint Louis USA"]
[Date "2011.04.19"]
[Round "5"]
[White "Onischuk,Al"]
[Black "Christiansen,L"]
[Result "1-0"]
[WhiteElo "2678"]
[BlackElo "2586"]

1.d4 Nf6 2.c4 e6 3.Nc3 Bb4 4.Nf3 c5 5.g3 cxd4 6.Nxd4 O-O 7.Bg2 d5 8.cxd5 Nxd5
9.Qb3 Nc6 10.Nxc6 bxc6 11.O-O Rb8 12.Na4 Ba6 13.Qc2 Bb5 14.Bf3 Qe7 15.Nc3 Qc5
16.Bd2 Nxc3 17.bxc3 Ba5 18.Rfc1 Bb6 19.Be3 Qa3 20.Qb3 Qa6 21.c4 Ba4 22.Qa3 Bxe3
23.Qxe3 Rb4 24.Be4 g6 25.h4 Qb6 26.c5 Qc7 27.Rab1 Rfb8 28.Rxb4 Rxb4 29.Bd3 Qd8
30.Qe5 h5 31.a3 Qd4 32.Qc7 Rb3 33.Rc4 Rb1+ 34.Kg2 Qd5+ 35.f3 Bb5 36.Rf4 e5
37.Rxf7 Qxf7 38.Qc8+ Kg7 39.Bxb1 Qe7 40.Be4 Qxc5 41.Qd7+ Kf6 42.g4 hxg4 43.fxg4  1-0

[Event "ch-Lower Rhine 2011"]
[Site "Solingen GER"]
[Date "2011.04.19"]
[Round "4.6"]
[White "May,Holger"]
[Black "Gehrmann,U"]
[Result "1/2-1/2"]
[WhiteElo "1863"]
[BlackElo "2024"]

1.c4 e6 2.d4 Nf6 3.Nc3 Bb4 4.Nf3 d5 5.Qa4+ Nc6 6.Bg5 Bd7 7.Rc1 h6 8.cxd5 exd5
9.Bxf6 Qxf6 10.Qb3 O-O 11.e3 Rfe8 12.Be2 Qd6 13.O-O Be6 14.a3 Bxc3 15.Qxc3  1/2-1/2

[Event "Doeberl Cup Premier"]
[Site "Canberra AUS"]
[Date "2011.04.21"]
[Round "6.3"]
[White "Illingworth,M"]
[Black "Arutinian,D"]
[Result "0-1"]
[WhiteElo "2345"]
[BlackElo "2575"]

1.d4 Nf6 2.c4 e6 3.Nc3 Bb4 4.Nf3 b6 5.Bg5 Bb7 6.Nd2 Nc6 7.e3 Ne7 8.Qb3 Bxc3
9.Qxc3 Ng6 10.e4 h6 11.Bxf6 Qxf6 12.Rc1 O-O 13.g3 c5 14.d5 Qxc3 15.Rxc3 f5
16.Bg2 fxe4 17.Bxe4 exd5 18.cxd5 Rfe8 19.Kd1 Ne7 20.Rd3 Rf8 21.f3 Nf5 22.Re1 Nd6
23.b3 b5 24.f4 a5 25.Bg6 Rf6 26.Bh5 a4 27.Re7 axb3 28.axb3 c4 29.bxc4 bxc4
30.Rc3 Bxd5 31.Rxd7 Nb5 32.Rc1 Bc6 33.Bf3 c3 34.Bxc6 Rxc6 35.Ne4 Rg6 36.Re7 Ra3
37.Rd7 Ra2 38.Re7 Nd4 39.Rd7 Rb2  0-1

[Event "ch-FRA u20b"]
[Site "Montlucon FRA"]
[Date "2011.04.21"]
[Round "6.10"]
[White "Contout,A"]
[Black "Blum,N"]
[Result "1/2-1/2"]
[WhiteElo "2097"]
[BlackElo "2245"]

1.d4 Nf6 2.c4 e6 3.Nc3 Bb4 4.Nf3 c5 5.e3 O-O 6.Qc2 d5 7.a3 Bxc3+ 8.bxc3 Qc7
9.Bd3 b6 10.cxd5 exd5 11.O-O Ba6 12.Bxa6 Nxa6 13.Qa4 Qb7 14.e4 cxd4 15.Nxd4 Nc5
16.Qc2 dxe4 17.Qxe4 Qd5 18.Qe2 Nfe4 19.Nb5 Qd3 20.Qxd3 Nxd3 21.f3 Nec5 22.Rb1 a6
23.Nc7 Ra7 24.Nd5 b5 25.c4 Rd7 26.Nf4 Ne5 27.Be3 Ne6 28.Rbc1 Nxc4 29.Kf2 Rb8
30.Rc3 f6 31.Rb1 Rdb7 32.Ke2 Kf7 33.Bf2 Rc8 34.a4 Nd6 35.Rxc8 Nxc8 36.Rc1 Ne7
37.Nxe6 Kxe6 38.a5  1/2-1/2

[Event "ch-ISL"]
[Site "Egilsstadir ISL"]
[Date "2011.04.22"]
[Round "8"]
[White "Thorfinnsson,Br"]
[Black "Steingrimsson,H"]
[Result "1/2-1/2"]
[WhiteElo "2417"]
[BlackElo "2554"]

1.d4 Nf6 2.c4 e6 3.Nc3 Bb4 4.Nf3 b6 5.Bg5 h6 6.Bh4 Bb7 7.e3 g5 8.Bg3 Ne4
9.Qc2 f5 10.Bd3 Bxc3+ 11.bxc3 d6 12.d5 Na6 13.Nd4 Nac5 14.O-O Qf6 15.Bxe4 fxe4
16.f3 e5 17.Nb3 Nd7 18.Qxe4 O-O-O 19.Rfd1 h5 20.c5 dxc5 21.c4 h4 22.Be1 h3
23.g4 Rhf8 24.Nd2 c6 25.Bg3 Qd6 26.dxc6 Bxc6 27.Qc2 Qe6  1/2-1/2

[Event "Lenk Open"]
[Site "Lenk SUI"]
[Date "2011.04.22"]
[Round "2"]
[White "Tillmann,Marc"]
[Black "Sommer,Mat SUI"]
[Result "0-1"]
[WhiteElo "1949"]
[BlackElo "1778"]

1.d4 Nf6 2.c4 e6 3.Nc3 Bb4 4.Nf3 c5 5.e3 O-O 6.a3 cxd4 7.exd4 Bxc3+ 8.bxc3 Qa5
9.Qc2 d5 10.Bd3 dxc4 11.Bxc4 Nbd7 12.O-O b5 13.Bd3 Bb7 14.Ne5 Qc7 15.Bf4 Nxe5
16.Bxe5 Qc6 17.f3 Nd5 18.Bxh7+ Kh8 19.Qe4 f6 20.Qh4 g5 21.Qh6 Qd7 22.Be4+ Kg8
23.Bxd5 Bxd5 24.Bxf6 Qh7 25.Qxg5+ Kf7 26.Rae1 Rg8 27.Qf4 Qg6 28.Bg5+ Ke8
29.h4 Kd7 30.Qf6 Qh7 31.Qe5 Raf8 32.Bf4 Qxh4 33.Qd6+ Ke8 34.Qb8+ Kf7 35.Qxa7+ Kg6
36.Bd2 Rh8 37.Qc7 Qh1+ 38.Kf2 Rxf3+ 39.Ke2 Qxg2+ 40.Kd1 Rxf1  0-1

[Event "Philadelphia Open"]
[Site "Philadelphia USA"]
[Date "2011.04.22"]
[Round "4"]
[White "Stocek,J"]
[Black "Arnold,Mar"]
[Result "1/2-1/2"]
[WhiteElo "2580"]
[BlackElo "2435"]

1.d4 Nf6 2.c4 e6 3.Nc3 Bb4 4.Nf3 c5 5.g3 cxd4 6.Nxd4 Ne4 7.Qc2 f5 8.Bg2 Na6
9.O-O Nf6 10.Rd1 Qe7 11.Ncb5 O-O 12.a3 Bc5 13.b4 Bxd4 14.Rxd4 d5 15.cxd5 Nxd5
16.Bb2 Bd7 17.Qd3 Bxb5 18.Qxb5 Nac7 19.Qxb7 Rfb8 20.Qc6 a5 21.Bxd5 Nxd5 22.e4 Nf6
23.exf5 exf5 24.Rd6 axb4 25.Bxf6 gxf6 26.Rd7 Qe8 27.Qd5+ Kh8 28.Qxf5 Qg6
29.Qf3 b3 30.Kg2 b2 31.Rad1 Kg8 32.Rb7 Qc2 33.Qg4+ Qg6 34.Qc4+ Kh8 35.Qb4 Qe8
36.Rdd7 Rxb7 37.Rxb7 Qc6+ 38.f3 Qc2+ 39.Kh3 Qf5+ 40.Kg2 Qc2+ 41.Kh3 Qf5+
42.Kg2  1/2-1/2

[Event "Philadelphia Open"]
[Site "Philadelphia USA"]
[Date "2011.04.24"]
[Round "8"]
[White "Perelshteyn,E"]
[Black "Mitkov,N1"]
[Result "1-0"]
[WhiteElo "2533"]
[BlackElo "2529"]

1.d4 Nf6 2.c4 e6 3.Nc3 Bb4 4.Nf3 d5 5.cxd5 exd5 6.Bg5 h6 7.Bh4 g5 8.Bg3 Ne4
9.Nd2 Nxg3 10.hxg3 c6 11.a3 Be7 12.e4 dxe4 13.Qc2 Nd7 14.Ndxe4 Nb6 15.O-O-O Kf8
16.Be2 Nd5 17.g4 Qa5 18.Nxd5 cxd5 19.Nc5 b6 20.Qa4 Qxa4 21.Nxa4 Be6 22.Kb1 Rc8
23.Ka2 Bd6 24.Nc3 Bf4 25.g3 Bb8 26.Bf3 Rd8 27.Rc1 Kg7 28.Nd1 Rc8 29.Ne3 Rxc1
30.Rxc1 Rd8 31.Kb1 Kf6 32.Be2 Ke7 33.Ba6 Rh8 34.Rh1 Kd6 35.Kc2 Bc7 36.Kd3 Bd8
37.Rc1 Bf6 38.b4 h5 39.gxh5 Rxh5 40.Bb5 Rh8 41.Rc6+ Ke7 42.Rc7+ Kd6 43.Rxa7 Rh2
44.Rb7 Bd8 45.Ke2 f5 46.Bd3 f4 47.gxf4 gxf4 48.Nf5+ Bxf5 49.Bxf5 Kc6 50.Ra7 Bf6
51.Kd3 Rxf2 52.b5+  1-0

[Event "2nd Lille Open"]
[Site "Lille FRA"]
[Date "2011.04.29"]
[Round "7.4"]
[White "Tikkanen,H"]
[Black "Maze,S"]
[Result "1/2-1/2"]
[WhiteElo "2541"]
[BlackElo "2559"]

1.d4 Nf6 2.c4 e6 3.Nc3 Bb4 4.Nf3 b6 5.e3 Bb7 6.Bd3 O-O 7.O-O c5 8.Na4 d6
9.a3 Ba5 10.Rb1 Na6 11.Qe2 Qd7  1/2-1/2

[Event "Thessaloniki Open A"]
[Site "Thessaloniki GRE"]
[Date "2011.04.29"]
[Round "7.2"]
[White "Mastrovasilis,A"]
[Black "Antic,De"]
[Result "1/2-1/2"]
[WhiteElo "2547"]
[BlackElo "2488"]

1.d4 e6 2.Nf3 Nf6 3.c4 Bb4+ 4.Nc3 c5 5.g3 cxd4 6.Nxd4 Ne4 7.Qd3 Bxc3+ 8.bxc3 Nc5
9.Qf3 d6 10.Ba3 O-O 11.Bg2 Nbd7 12.Qe3 Nb6 13.Bxc5 Nxc4 14.Qd3 dxc5 15.Qxc4 cxd4
16.Qxd4 Qc7 17.O-O Bd7 18.Rfb1 Bc6 19.Qc5 h6 20.Bxc6 bxc6 21.Rb2 Rab8 22.Rab1 Rxb2
23.Rxb2 Rd8 24.c4 g6 25.Kg2 h5 26.h4 Qd7 27.Rb3 Qd2 28.Rd3 Rxd3 29.exd3 Qxa2
30.Qxc6 a5 31.c5 Kf8 32.Qd6+ Ke8 33.Qb8+ Ke7 34.Qb7+ Kd8 35.Kg1 Qa1+ 36.Kg2 Qa2
37.Qb6+ Kc8 38.c6 Qd5+ 39.Kh2 Qd6 40.Qa6+ Kc7 41.Qb7+ Kd8 42.Qa8+ Kc7  1/2-1/2

[Event "2nd Lille Open"]
[Site "Lille FRA"]
[Date "2011.04.30"]
[Round "8.8"]
[White "Gozzoli,Y"]
[Black "Navrotescu,C"]
[Result "1-0"]
[WhiteElo "2543"]
[BlackElo "2431"]

1.d4 Nf6 2.c4 e6 3.Nc3 Bb4 4.Nf3 c5 5.g3 Bxc3+ 6.bxc3 Qa5 7.Bd2 b6 8.Bg2 Bb7
9.O-O O-O 10.Qb3 Nc6 11.d5 Ne7 12.Bg5 exd5 13.Bxf6 gxf6 14.cxd5 Bxd5 15.c4 Be6
16.Qb2 Kg7 17.Ng5 Qb4 18.Qxb4 cxb4 19.Nxe6+ fxe6 20.Bxa8 Rxa8 21.Rfd1 d5
22.Rac1 f5 23.c5 Kf6 24.e3 Ke5 25.cxb6 axb6 26.Rd4 Rxa2 27.Rxb4 Ra6 28.Rh4 Kd6
29.Rxh7 b5 30.h4 b4 31.h5  1-0

[Event "ch-UKR semi-final"]
[Site "Alushta UKR"]
[Date "2011.05.03"]
[Round "1.47"]
[White "Basko,Bogdan"]
[Black "Shabala,S"]
[Result "0-1"]
[WhiteElo "1997"]
[BlackElo "2362"]

1.d4 Nf6 2.c4 e6 3.Nc3 Bb4 4.Nf3 O-O 5.e3 d5 6.Bd3 Nc6 7.O-O dxc4 8.Bxc4 a6
9.a3 Bd6 10.e4 e5 11.d5 Ne7 12.Ne1 c6 13.dxc6 Nxc6 14.Nc2 b5 15.Ba2 h6 16.h3 Nd4
17.Ne3 a5 18.Ned5 b4 19.Nxf6+ Qxf6 20.Nd5 Qg6 21.Kh2 Qxe4 22.Be3 Bb7 23.f3 Qg6
24.Kg1 Nc2 25.Rc1 Bxd5  0-1

[Event "Ostravsky Konik A"]
[Site "Ostrava CZE"]
[Date "2011.05.05"]
[Round "6.12"]
[White "Zakharchenko,A"]
[Black "Vesselovsky,S"]
[Result "1/2-1/2"]
[WhiteElo "2205"]
[BlackElo "2360"]

1.d4 Nf6 2.c4 e6 3.Nc3 Bb4 4.Nf3 b6 5.g3 Bb7 6.Bg2 O-O 7.O-O Bxc3 8.bxc3 d6
9.a4 Be4 10.Bh3 Bb7 11.a5 Nc6 12.a6 Bc8 13.c5 Ne8 14.cxd6 Nxd6  1/2-1/2

[Event "TCh-SVK Extraliga 2010-11"]
[Site "Slovakia SVK"]
[Date "2011.05.06"]
[Round "9"]
[White "Banas,K"]
[Black "Lanc,A"]
[Result "0-1"]
[WhiteElo "2232"]
[BlackElo "2399"]

1.d4 Nf6 2.c4 e6 3.Nc3 Bb4 4.Nf3 O-O 5.g3 d6 6.Bg2 Ne4 7.Qc2 f5 8.O-O Bxc3
9.bxc3 Nd7 10.Ne1 Nef6 11.Nd3 Qe8 12.Rb1 Rb8 13.c5 dxc5 14.Ba3 Rf7 15.Bxc5 b6
16.Ba3 e5 17.dxe5 Nxe5 18.Nxe5 Qxe5 19.Bc1 Be6 20.Bf4 Qc5 21.Be3 Qa5 22.c4 Re8
23.Rfd1 Qa6 24.Rbc1 h6 25.Bd4 Qc8 26.e3 Ne4 27.Ba1 Bd7 28.h4 Bc6 29.Kh2 Qa8
30.Rd4 Qc8 31.Rcd1 Qe6 32.Qe2 Qg6 33.Rd8 Rff8 34.Rxe8 Rxe8 35.Qb2 Kh7 36.Bf3 Re7
37.Rd8 Rf7 38.Kg1 Nxg3 39.Bxc6 Ne4+ 40.Kf1 Qxc6 41.Qe5 Qxc4+ 42.Kg2 Qe2  0-1

[Event "ch-Euro Indiv Women"]
[Site "Tbilisi GEO"]
[Date "2011.05.07"]
[Round "1"]
[White "Danielian,E"]
[Black "Kazimova,N"]
[Result "1-0"]
[WhiteElo "2506"]
[BlackElo "2262"]

1.d4 Nf6 2.c4 e6 3.Nc3 Bb4 4.Nf3 b6 5.Qb3 a5 6.Bg5 Bb7 7.e3 h6 8.Bh4 g5 9.Bg3 Ne4
10.Qc2 f5 11.Bd3 d6 12.O-O-O Bxc3 13.bxc3 Nd7 14.d5 exd5 15.cxd5 Bxd5 16.Nd4 Qf6
17.f3 Nxg3 18.hxg3 O-O-O 19.Bxf5 Qe5 20.e4 Bb7 21.Qa4 Qe7 22.Ne6 Rde8 23.Qc4 Ne5
24.Qb5 Kb8 25.Nd4 Rd8 26.Rhe1 Qe8 27.Qxe8 Rdxe8 28.f4 Nc4 29.Be6 Ba6 30.Nc6+ Kb7
31.Bd5 Kc8 32.a4 b5 33.axb5  1-0

[Event "TCh-POL Ekstraliga"]
[Site "Wroclaw POL"]
[Date "2011.05.08"]
[Round "3.5"]
[White "Chojnacki,K"]
[Black "Rozentalis,E"]
[Result "0-1"]
[WhiteElo "2441"]
[BlackElo "2573"]

1.d4 Nf6 2.c4 e6 3.Nc3 Bb4 4.Nf3 O-O 5.Bg5 d5 6.Qb3 c5 7.dxc5 Nc6 8.e3 h6
9.Bxf6 Qxf6 10.cxd5 exd5 11.Bb5 d4 12.Bxc6 dxc3 13.Qxb4 cxb2 14.Rb1 bxc6
15.Qxb2 Qg6 16.O-O Bh3 17.Ne1 Rfd8 18.e4 Be6 19.f3 Qg5 20.Qc3 Bxa2 21.Ra1 Be6
22.Nc2 Rd2 23.Ne3 Rad8 24.f4 Qh5 25.f5 R8d3 26.Qb4 Qg5 27.fxe6 Qxe3+ 28.Kh1 fxe6
29.Qc4 Kh7 30.Qxe6 Qxc5 31.e5 Rf2 32.Rxf2 Qxf2 33.Qxc6 Re3 34.h3 Rxe5 35.Qc3 Re3
36.Qb4 Qf5 37.Qd4 Re7 38.Kh2 a5 39.Qa4 Re5 40.Kh1 Rb5 41.Qc4 Rb4 42.Rf1 Qxh3+
43.gxh3 Rxc4 44.Rf7 a4 45.Ra7 Kg8 46.Kg2 g5 47.Ra6 Rh4 48.Ra7 Kf8 49.Kg3 Ke8  0-1

[Event "ch-CAN"]
[Site "Guelph CAN"]
[Date "2011.05.09"]
[Round "6"]
[White "Dougherty,M"]
[Black "Humphreys,M"]
[Result "0-1"]
[WhiteElo "2207"]
[BlackElo "2091"]

1.d4 Nf6 2.c4 e6 3.Nc3 Bb4 4.Nf3 b6 5.Bg5 h6 6.Bh4 g5 7.Bg3 Ne4 8.Qd3 Bb7
9.Be5 Bxc3+ 10.bxc3 Rg8 11.d5 f5 12.g4 Na6 13.gxf5 Nac5 14.Qd4 d6 15.fxe6 dxe5
16.Nxe5 Qe7 17.Bg2 Nd6 18.O-O O-O-O 19.Nd3 Nxe6 20.Qg4 h5 21.Qxe6+ Qxe6 22.dxe6 Nxc4
23.Bxb7+ Kxb7 24.Rfd1 Rd6 25.Rab1 Re8 26.f4 Ne3 27.Nc5+ Kc6 28.Rxd6+ cxd6
29.Nb3 gxf4 30.Kf2 Kd5 31.Nd4 Ke5 32.Kf3 Nc4 33.Rb5+ d5 34.Nc6+ Kd6 35.Nb4 Ne3
36.Nd3 Rxe6 37.Nxf4 Re5 38.Nxh5 Rxh5  0-1

[Event "41st Bosna Open"]
[Site "Sarajevo BIH"]
[Date "2011.05.10"]
[Round "7.4"]
[White "Lenic,L"]
[Black "Saric,Ib"]
[Result "1/2-1/2"]
[WhiteElo "2637"]
[BlackElo "2549"]

1.d4 Nf6 2.c4 e6 3.Nc3 Bb4 4.Nf3 b6 5.Bg5 h6 6.Bh4 g5 7.Bg3 Ne4 8.Qc2 Bb7
9.Nd2 Bxc3 10.bxc3 Nxg3 11.hxg3 Qe7 12.c5 d6 13.cxd6 cxd6 14.e4 Nd7 15.a4 Kf8
16.a5 Kg7 17.Bb5 Nf6 18.O-O h5 19.a6 Bc8 20.e5 dxe5 21.dxe5 Nd7 22.c4 h4
23.g4 Nf8 24.Qe4 Rb8 25.Qe3 Ng6 26.Ne4 Qc7 27.Nd6 Qc5 28.Qxg5 Qxe5 29.Qxe5+ Nxe5
30.g5 h3 31.f4 hxg2 32.Kxg2 Nd3 33.Ne4 e5 34.f5 Nf4+ 35.Rxf4 exf4 36.Nd6 Rd8
37.Rd1 Kf8 38.f6 Kg8 39.Kf3 Bd7 40.Rd5 Be6 41.Rd2 Bd7 42.Nxf7 Kxf7 43.Bxd7 Rbc8
44.Rd5 Rc5 45.Bc6 Rdxd5 46.Bxd5+ Kg6 47.Kxf4 b5 48.Be4+ Kf7 49.cxb5 Rxb5
50.Bd3 Ra5 51.Kg4 Ra3 52.Bb5 Rc3 53.Kh5 Rh3+ 54.Kg4 Rc3 55.Kh5 Rh3+ 56.Kg4 Rc3
57.Bd7 Rc1 58.Kf5 Rc5+ 59.Kg4 Rc1 60.Bf5 Ra1 61.Bd3 Ra3 62.Bb5 Ra5 63.Bc4+ Kg6
64.Bd3+ Kf7 65.Kh5 Ra4 66.Be2 Rf4 67.Bd3 Rxf6 68.gxf6 Kxf6  1/2-1/2

[Event "20th ch-MKD 2011"]
[Site "Skopje MKD"]
[Date "2011.05.11"]
[Round "2"]
[White "Colovic,A"]
[Black "Menkinoski,R"]
[Result "1/2-1/2"]
[WhiteElo "2451"]
[BlackElo "2331"]

1.d4 Nf6 2.c4 e6 3.Nc3 Bb4 4.Nf3 b6 5.e3 Bb7 6.Bd3 Ne4 7.Qc2 f5 8.O-O Bxc3
9.bxc3 O-O 10.Nd2 Nxd2 11.Bxd2 Qh4 12.f3 Nc6 13.Be1 Qh5 14.Bg3 d6 15.c5 e5
16.Qb3+ Kh8 17.cxd6 f4 18.exf4 exf4 19.Bf2 cxd6 20.c4 Rf6 21.Rfe1 Rh6 22.h3 Qg5
23.Rab1 Rxh3 24.Qb5 Rh5 25.Qxg5 Rxg5 26.Re6 Na5 27.Rbe1 Rg8 28.d5 b5 29.Rxd6 Nxc4
30.Bxc4 bxc4 31.Rd1 c3 32.Bxa7 c2 33.Rc1 Bxd5 34.Rxc2 Bxf3 35.Rd4  1/2-1/2

[Event "20th ch-MKD 2011"]
[Site "Skopje MKD"]
[Date "2011.05.12"]
[Round "3"]
[White "Georgiev,Vl"]
[Black "Mitkov,M"]
[Result "1-0"]
[WhiteElo "2574"]
[BlackElo "2374"]

1.d4 Nf6 2.c4 e6 3.Nc3 Bb4 4.Nf3 b6 5.e3 Ne4 6.Qc2 Bb7 7.Bd3 f5 8.O-O Bxc3
9.bxc3 O-O 10.Ne1 c5 11.a4 Nc6 12.Bxe4 fxe4 13.Qxe4 Na5 14.Qg4 Ba6 15.Nf3 Bxc4
16.Re1 Nb3 17.Rb1 Nxc1 18.Rbxc1 Rc8 19.Ne5 Bb3 20.c4 Qe8 21.Rc3 Bxa4 22.Ra3 d6
23.Rxa4 a5 24.Ra3 dxe5 25.dxe5 Rd8 26.f4 Rd2 27.Rb3 Qc6 28.Re2 Rfd8 29.h4 a4
30.Ra3 Rd1+ 31.Kh2 Rc1 32.e4 Rxc4 33.Rg3 Rd7 34.Qh5 g6 35.Qf3 Rg7 36.h5 gxh5
37.Rxg7+ Kxg7 38.Qxh5 Rxe4 39.Qf3 Qd5 40.Rxe4 a3 41.Qg4+ Kf8 42.Ra4  1-0

[Event "20th ch-MKD 2011"]
[Site "Skopje MKD"]
[Date "2011.05.13"]
[Round "4"]
[White "Colovic,A"]
[Black "Georgiev,Vl"]
[Result "1/2-1/2"]
[WhiteElo "2451"]
[BlackElo "2574"]

1.d4 Nf6 2.c4 e6 3.Nc3 Bb4 4.Nf3 b6 5.e3 Bb7 6.Bd3 O-O 7.O-O d5 8.a3 dxc4
9.Bxc4 Bd6 10.Qe2 Nbd7 11.e4 e5 12.dxe5 Nxe5 13.Nxe5 Bxe5 14.Bg5 h6 15.Bh4 Qe8
16.f3 Nh5 17.Qe3 Bf4 18.Qe2 Bd6 19.Bf2 Nf4 20.Qc2 Qe5 21.g3 Nh3+ 22.Kg2 Nxf2
23.Rxf2 Rad8 24.Rd1 Qh5 25.Nb5 Be5 26.Rxd8 Rxd8 27.Rd2 Rf8 28.Nd4 g6 29.Ne2 Bd6
30.Qd3 Bc8 31.Ng1 Bc5 32.b4 Bd6 33.Qe3 Re8 34.Rd5 g5 35.Qb3 Qg6 36.h3 Re7
37.Ne2 c6 38.Rd2 b5 39.Bd3 Qf6 40.Bb1 Bc7 41.Ba2 Kg7 42.Qc2 h5 43.Qc3 Qxc3
44.Nxc3 g4 45.hxg4 hxg4 46.f4 Rd7  1/2-1/2

[Event "46th Capablanca Memorial Open B"]
[Site "Havana CUB"]
[Date "2011.05.14"]
[Round "4.23"]
[White "Agra Caballero,A"]
[Black "Munos,R"]
[Result "1-0"]
[WhiteElo "2229"]
[BlackElo "2108"]

1.d4 Nf6 2.c4 e6 3.Nf3 Bb4+ 4.Nc3 b6 5.g3 Bb7 6.Bg2 O-O 7.O-O Re8 8.Qc2 d5
9.Ne5 Nbd7 10.Bg5 Be7 11.Rfd1 c6 12.e4 dxc4 13.Nxc4 b5 14.Ne3 Qb6 15.a4 a6
16.a5 Qa7 17.e5 Nd5 18.Bxe7 Rxe7 19.Bxd5 cxd5 20.Qd2 Rc8 21.Ne2 Nf8 22.Nf4 Bc6
23.Nh5 Rec7 24.Ng4 Be8 25.Nxg7  1-0

[Event "20th ch-MKD 2011"]
[Site "Skopje MKD"]
[Date "2011.05.18"]
[Round "8"]
[White "Veleski,R"]
[Black "Stojanovski,D"]
[Result "1/2-1/2"]
[WhiteElo "2259"]
[BlackElo "2436"]

1.d4 Nf6 2.c4 e6 3.Nc3 Bb4 4.Nf3 b6 5.g3 Ba6 6.Qb3 c5 7.a3 Ba5 8.Bg2 Nc6
9.dxc5 bxc5 10.O-O O-O 11.Bf4 Bc7 12.Qa4 Bxf4 13.Qxa6 Bb8 14.Nd2 Be5 15.Na4 Rc8
16.e3 Qc7 17.f4 Bd6 18.Rad1 Be7 19.Nb3 d6 20.Rd3 h5 21.Rfd1 g6 22.Nc3 Nb8
23.Qa5 a6 24.h3 Qd7 25.Qa4 Qxa4 26.Nxa4 Nc6 27.Bxc6 Rxc6 28.Na5 Rc7 29.Rb3 Ne4
30.Kg2 g5 31.Rb6 f5 32.Rd3 gxf4 33.exf4 h4 34.Nc3 Nxg3 35.Nc6 Ne4 36.Kf3 Nxc3
37.bxc3 Bf6 38.Rxd6 Rg7 39.Rxe6 Rg3+ 40.Kf2 Rxh3 41.Ne5 Bxe5  1/2-1/2

[Event "XXX Zalakaros Open"]
[Site "Zalakaros HUN"]
[Date "2011.05.24"]
[Round "5"]
[White "Banusz,T"]
[Black "Csiszar,C"]
[Result "1-0"]
[WhiteElo "2555"]
[BlackElo "2389"]

1.d4 Nf6 2.c4 e6 3.Nc3 Bb4 4.Nf3 Ne4 5.Qc2 f5 6.Bd2 Nxd2 7.Qxd2 O-O 8.g3 d6
9.Bg2 Qf6 10.O-O Nc6 11.Rfd1 e5 12.Nd5 Bxd2 13.Nxf6+ Rxf6 14.Rxd2 e4 15.Ne1 Ne7
16.Rc1 Be6 17.d5 Bf7 18.Nc2 b5 19.cxb5 Nxd5 20.Nd4 a6 21.a4 axb5 22.axb5 Ra2
23.e3 Kf8 24.g4 f4 25.g5 Rg6 26.h4 f3 27.Bh3 Ne7 28.Rxc7 d5 29.Nc6 Nxc6 30.bxc6 Ra1+
31.Kh2 Rc1 32.Bd7 h6 33.Rb7 hxg5 34.c7 gxh4 35.c8=Q+ Rxc8 36.Bxc8 Rg2+ 37.Kh1 d4
38.Rxd4 g5 39.Be6  1-0

[Event "82nd ch-GER"]
[Site "Bonn GER"]
[Date "2011.05.26"]
[Round "1.1"]
[White "Natsidis,C"]
[Black "Fridman,D"]
[Result "1/2-1/2"]
[WhiteElo "2363"]
[BlackElo "2661"]

1.d4 Nf6 2.c4 e6 3.Nf3 Bb4+ 4.Nc3 c5 5.g3 Nc6 6.Bg2 Ne4 7.Qd3 cxd4 8.Nxd4 Qf6
9.Bxe4 Qxd4 10.Qxd4 Nxd4 11.Be3 Nc6 12.Rc1 f5 13.Bg2 b6 14.O-O Bxc3 15.Rxc3 Ba6
16.b4  1/2-1/2

[Event "Chinese League"]
[Site "Chengdu CHN"]
[Date "2011.05.26"]
[Round "4"]
[White "Tan Zhongyi"]
[Black "Zhao Xue"]
[Result "1/2-1/2"]
[WhiteElo "2428"]
[BlackElo "2495"]

1.d4 Nf6 2.c4 e6 3.Nf3 Bb4+ 4.Nc3 c5 5.e3 O-O 6.Bd3 d5 7.O-O cxd4 8.exd4 dxc4
9.Bxc4 a6 10.Bg5 h6 11.Bh4 b5 12.Bb3 Bb7 13.Ne5 Be7 14.Qe2 Nc6 15.Rad1 Nxe5
16.dxe5 Nd7 17.Bxe7 Qxe7 18.Bc2 Rfd8 19.Rd6 Nf8 20.Rfd1 Rxd6 21.exd6 Qd7
22.Be4 Rc8 23.h3 b4 24.Bxb7 Qxb7 25.Ne4 Nd7 26.b3 a5 27.Nd2 Rc2 28.Qd3 Rc3
29.Qd4 Rc5 30.Nc4 Rd5 31.Qa1 Qc6 32.Rc1 Rg5 33.g3 Rc5 34.Qd4 Ne5 35.Qd1 Nf3+
36.Kf1 Nh2+ 37.Kg1 Nf3+ 38.Kf1 Nh2+ 39.Kg1 Nf3+ 40.Kf1 Nh2+  1/2-1/2